| 000 | 00787nam a2200241 i 4500 | ||
|---|---|---|---|
| 001 | 141493 | ||
| 003 | ES-MaACL | ||
| 005 | 20250809063523.0 | ||
| 007 | t| | ||
| 008 | 070924s1969 sp ||||1| spa d | ||
| 080 | _a248.152 | ||
| 080 | _a232:242 | ||
| 100 | 1 |
_aVoillaume, René, _d1905-2003 _9115676 |
|
| 245 | 1 | 0 |
_aRetiro en el Vaticano / _cRené Voillaume ; [traducción por Andrés Delgado Amor]. |
| 260 |
_a[Madrid] : _bCentro de Estudios Universitarios, _c[1969] |
||
| 300 |
_a277 p. ; _c21 cm. |
||
| 600 | 1 | 4 |
_aJesucristo- _vMeditaciones. _966371 |
| 650 | 1 | 4 |
_aEjercicios espirituales. _912133 |
| 700 | 1 |
_aDelgado Amor, Andrés. _943438 |
|
| 710 | 2 |
_aCentro de Estudios Universitarios. _92679 |
|
| 852 |
_aES-MaACL _jC-47855 _bR.72115 |
||
| 999 |
_c141493 _d141493 |
||